[Event "Omsk CC-ch sf"]
[Site "Omsk"]
[Date "2011.06.30"]
[Round "8"]
[White "Toroshina, Muza"]
[Black "Dobrovolsky, Gennady"]
[Result "0-1"]
[WhiteElo "1824"]
[BlackElo "2056"]
[PlyCount "80"]
[EventDate "2011.06.20"]
[EventType "swiss"]
[EventRounds "11"]
[EventCountry "RUS"]
[SourceTitle "EXT 2023"]
[Source "ChessBase"]
[SourceDate "2022.10.05"]
[SourceVersion "1"]
[SourceVersionDate "2022.10.05"]
[SourceQuality "1"]

1. e4 e5 2. Nf3 Nc6 3. Bb5 a6 4. Ba4 Nf6 5. 0-0 Be7 6. d4 exd4 7. Nxd4 Nxd4 8. Qxd4 c5 9. Qd3 b5 10. e5 Ng8 11. Qf3 Ra7 12. Bb3 c4 13. a4 Qb6 14. Ba2 Bb7 15. Qg4 Qg6 16. Qxg6 hxg6 17. b3 Be4 18. Be3 Rc7 19. axb5 axb5 20. Nc3 Bc6 21. bxc4 b4 22. Ne2 Nh6 23. h3 Nf5 24. Bf4 Rc8 25. Bg3 Bc5 26. Kh2 g5 27. f3 g4 28. Bf2 Bxf2 29. Rxf2 gxf3 30. gxf3 Ra8 31. Ng3 Nh4 32. Ne4 Nxf3+ 33. Rxf3 Bxe4 34. Rf2 Ra3 35. Rff1 Rhxh3+ 36. Kg1 Rh1+ 37. Kf2 Rh2+ 38. Ke1 Rxc2 39. Rf2 Rxf2 40. Kxf2 b3 0-1

[Event "Omsk CC-ch sf"]
[Site "Omsk"]
[Date "2011.06.24"]
[Round "4"]
[White "Adamson, Konstantin"]
[Black "Dobrovolsky, Gennady"]
[Result "1-0"]
[WhiteElo "2183"]
[BlackElo "2056"]
[PlyCount "53"]
[EventDate "2011.06.20"]
[EventType "swiss"]
[EventRounds "11"]
[EventCountry "RUS"]
[SourceTitle "EXT 2023"]
[Source "ChessBase"]
[SourceDate "2022.10.05"]
[SourceVersion "1"]
[SourceVersionDate "2022.10.05"]
[SourceQuality "1"]

1. e4 e5 2. Nf3 Nc6 3. c3 Nf6 4. d4 d6 5. Bb5 exd4 6. cxd4 Bd7 7. Nc3 Be7 8. 0-0 0-0 9. e5 Ne8 10. Re1 Bg4 11. Bxc6 bxc6 12. Qd3 d5 13. h3 Bh5 14. Bf4 Bg6 15. Qa6 c5 16. dxc5 Bxc5 17. Qc6 Bb4 18. Rad1 Bf5 19. Rxd5 Qc8 20. Red1 Bxc3 21. Qxc3 Be6 22. R5d2 c6 23. Nd4 Bd5 24. Rc1 Nc7 25. Nxc6 Bxc6 26. Qxc6 Ne6 27. Be3 1-0

[Event "Omsk-ch op"]
[Site "Omsk"]
[Date "2009.02.16"]
[Round "4"]
[White "Artemiev, Vladislav"]
[Black "Dobrovolsky, Gennady"]
[Result "1/2-1/2"]
[WhiteElo "2081"]
[BlackElo "2073"]
[PlyCount "48"]
[EventDate "2009.02.12"]
[EventType "swiss"]
[EventRounds "11"]
[EventCountry "RUS"]
[SourceTitle "CBM 129 Extra"]
[Source "ChessBase"]
[SourceDate "2009.05.05"]
[SourceVersion "2"]
[SourceVersionDate "2009.05.20"]
[SourceQuality "1"]

1. e4 e5 2. Nf3 Nc6 3. Bb5 a6 4. Ba4 d6 5. 0-0 b5 6. Bb3 Na5 7. d4 Nxb3 8. axb3 f6 9. h3 Bb7 10. Re1 Ne7 11. Nbd2 g6 12. Nf1 Bg7 13. Ng3 0-0 14. Be3 Rc8 15. Qd2 Qe8 16. dxe5 dxe5 17. Bc5 Rf7 18. Red1 Nc6 19. Qe2 Rd8 20. Ne1 Rfd7 21. Nd3 Nd4 22. Bxd4 Rxd4 23. Nc5 Qc6 24. Nxb7 Qxb7 1/2-1/2

[Event "Omsk op"]
[Site "Omsk"]
[Date "2008.12.04"]
[Round "5"]
[White "Tsiganov, Mikhail"]
[Black "Dobrovolsky, Gennady"]
[Result "0-1"]
[WhiteElo "2022"]
[BlackElo "2116"]
[PlyCount "46"]
[EventDate "2008.11.23"]
[EventType "swiss"]
[EventRounds "9"]
[EventCountry "RUS"]
[SourceTitle "CBM 127 Extra"]
[Source "ChessBase"]
[SourceDate "2009.01.08"]
[SourceVersion "2"]
[SourceVersionDate "2009.01.28"]
[SourceQuality "1"]

1. e4 e5 2. Nf3 Nc6 3. Nc3 Nf6 4. d4 exd4 5. Nxd4 d6 6. Be2 Be7 7. Be3 0-0 8. Qd2 d5 9. exd5 Nxd5 10. Nxd5 Qxd5 11. Bf3 Qc4 12. Nxc6 bxc6 13. Be2 Qe6 14. 0-0 c5 15. Bf3 Rb8 16. Qc3 Qb6 17. Rab1 a5 18. Qe5 Qd6 19. Qh5 Qg6 20. Qxg6 hxg6 21. Rfd1 Bf5 22. Rbc1 Rfd8 23. g4 Be6 0-1